| 000 | 01397nam0a2200313 i 4500 | ||
|---|---|---|---|
| 001 | RU\NLR\BIBL_A\010760702 | ||
| 005 | 20240921223657.0 | ||
| 010 |
_a9785977008716 _9500 |
||
| 021 |
_aRU _b2015-26189 _91548 |
||
| 035 | _a(NILC)RuMoRGB-007905108 | ||
| 035 | _a(NLR Aleph) 010760702 | ||
| 090 |
_a9980427 _c9980427 |
||
| 100 | _a20150521d2014 km y0rusy50 ca | ||
| 101 | 0 | _arus | |
| 102 | _aRU | ||
| 105 | _aa|||z||||01zy | ||
| 200 | 1 |
_aМолодежный экстремизм: сущность, гендерная специфика, противодействие и профилактика _fЛ. Б. Шнейдер |
|
| 210 |
_aМосква _cИзд-во Московского психолого-социального университета _d2014 |
||
| 215 |
_a195 с. _cил. _d21 |
||
| 320 | _aБиблиогр.: с. 156-195 и в подстроч. примеч. | ||
| 606 | 1 |
_aМолодежный экстремизм _xБорьба с ним _yРоссийская Федерация _92493020 _3RU\NLR\AUTH\661479092 |
|
| 610 | 0 | _aмолодежный экстремизм | |
| 686 | 1 | _aХ628.322.112.11 | |
| 700 | 1 |
_aШнейдер _bЛ. Б. _cд-р психол. наук _gЛидия Бернгардовна _9178187 _3RU\NLR\AUTH\770178238 |
|
| 801 | 0 |
_aRU _bРГБ _c20150406 _gRCR |
|
| 942 | _cBOOK | ||
| 980 | _aNBR | ||